| 000 | 00379nam a22001457a 4500 | ||
|---|---|---|---|
| 003 | OSt | ||
| 005 | 20160727222344.0 | ||
| 008 | 160620b xxu||||| |||| 00| 0 eng d | ||
| 040 | _cThe Boy who saved Baseball | ||
| 100 |
_9190 _aRitter, J. H |
||
| 245 | _aThe Boy who saved Baseball | ||
| 260 |
_aN.Y _b Schdastic Inc. _c2003 |
||
| 300 | _aThe Boy who saved Baseball | ||
| 942 |
_2ddc _cBK |
||
| 999 |
_c151 _d151 |
||